• 首页
  • 本馆介绍
  • 公告通知
  • 最新文献
  • 馆藏检索
  • 电子资源
  • 读者导购
  • 参考咨询
  • 我的图书馆
  • 登录
  • 详细信息显示
  • 放入我的书架
  • 预约/预借图书
  • 作者相关作品
  • 分类相关作品
  • 丛书相关作品
  • 出版社相关作品

书目信息

  • 表格格式
  • 工作单格式
  • 卡片格式
题名:
费尔巴哈哲学史著作选
    
 
作者: 费尔巴哈 , Feuerbach 著 ;涂红亮 译
分册:   对莱布尼茨哲学的叙述、分析和批判
出版信息: 北京   商务印书馆  1979
页数: 296页
开本: 20cm
丛书名:
单 册:
中图分类: B516 , B516.22
科图分类:
主题词: 德国古典哲学 , 哲学思想-莱布尼茨,G.W.--研究 , 哲学史--欧洲
电子资源:
ISBN:
000 00974nam0 2200301 45
001 1156175056
005 20111004095533.96
010    @dCNY0.94
091    @aCN@b2017.215
100    @a19950717d1979 kemy0chiy0121 ea
101 1  @achi@cger
102    @aCN@b110000
105    @ay z 000yy
200 10 @a费尔巴哈哲学史著作选@Afei er ba ha zhe xue shi zhu zuo xuan@i对莱布尼茨哲学的叙述、分析和批判@f(德)费尔巴哈(L.A.Feuerbach)著@g涂红亮译
210    @a北京@c商务印书馆@d1979
215    @a296页@d20cm
517 1  @a对莱布尼茨哲学的叙述分析和批判@Adui lai bu ni ci zhe xue de xu shu fen xi he pi pan
600  1 @a莱布尼茨@bG.W.@x哲学思想@x研究
606 0  @a德国古典哲学
606 0  @a哲学思想-莱布尼茨,G.W.@x研究
606 0  @a哲学史@y欧洲
690    @aB516@v3
690    @aB516.22@v3
701  1 @a费尔巴哈@Afei er ba ha@bL.A.@4著
701 A1 @aFeuerbach@bL.A.@4著
702  0 @a涂红亮@Atu hong liang@4译
801  0 @aCN@bTSSF
905    @a10447@dB516@eJY10:2
    
    费尔巴哈哲学史著作选.对莱布尼茨哲学的叙述、分析和批判/(德)费尔巴哈(L.A.Feuerbach)著/涂红亮译.-北京:商务印书馆,1979
    296页;20cm
    
    
    ISBN :CNY0.94
    
●
相关链接 在E读中查询图书 在五车中查询图书 在当当中查询图书 在豆瓣中查询图书


正题名:费尔巴哈哲学史著作选     索取号:B516/JY10:2         预约/预借

序号 登录号 条形码 馆藏地/架位号 状态 备注
1 7824830   278248308   学院路分馆/ [索取号:B516/JY10:2] 在馆    
2 7824831   278248317   学院路分馆/ [索取号:B516/JY10:2] 在馆    
唐山师范学院图书馆 欢迎您!
大连网信软件有限公司© 版权所有